MARC

LEADER 00000nam0a2200000 4500
001 254327
005 20231101232926.0
010 |a 5120006949 
035 |a (RuTPU)RU\TPU\book\276772 
090 |a 254327 
100 |a 20140320d1989 k y0rusy50 ca 
101 0 |a rus 
102 |a UA 
105 |a y z 001zy 
200 1 |a США: буржуазное государство и практика национальных отношений (60-80-е годы)  |f О. В. Шамшур  |g Академия наук Украинской ССР (АН УССР), Институт социальных и экономических проблем зарубежных стран 
210 |a Киев  |c Наукова думка  |d 1989 
215 |a 224 с. 
320 |a Библиогр.: с. 205-218. 
606 1 |a Национальные отношения  |x Америка  |2 stltpush  |3 (RuTPU)RU\TPU\subj\73333  |9 86365 
610 1 |a буржуазное государство 
610 1 |a нации 
610 1 |a расизм 
610 1 |a США 
610 1 |a государственное регулирование 
610 1 |a этнокультурное развитие 
610 1 |a иммиграционная политика 
610 1 |a 20 век 
686 |a Ф5(7США)  |2 rubbk 
700 1 |a Шамшур  |b О. В.  |g Олег Владиславович 
712 0 2 |a Академия наук Украинской ССР (АН УССР)  |b Институт социальных и экономических проблем зарубежных стран  |2 stltpush  |3 (RuTPU)RU\TPU\col\8542 
801 1 |a RU  |b 63413507  |c 20140320 
801 2 |a RU  |b 63413507  |c 20140527  |g RCR 
942 |c BK